000 01034pam a2200313 a 4500
001 2302
005 20250331112909.0
020 _a0590227122
020 _a9780590227124
040 _aDLC
_cDLC
_dDLC
_beng
050 0 0 _aPZ8.3.M127
_bMo 1995
082 0 0 _a513.212
_220
100 1 _aMaccarone, Grace
245 1 0 _aMonster math /
_cby Grace Maccarone ; illustrated by Marge Hartelius.
250 _aFirst printing, September 1995
260 _aNew York :
_bScholastic,
_c1995
300 _a31 unnumbered pages :
_billustrations
_c23 cm
500 _a"Cartwheel books."
505 _aB
520 _aRhyming text and illustrations follow the activities of a group of twelve monsters that diminishes one by one. Includes a section of counting activities.
521 _a30
_bLexile
521 _aB
_bRaz-Plus
650 1 _aMonsters
_xFiction.
650 1 _aCounting.
650 1 _aStories in rhyme.
700 1 _aHartelius, Margaret
_eillustrator
906 _a7
_bcbc
_corignew
_d1
_eocip
_f19
_gy-gencatlg
942 _2ddc
_cBK
_n0
999 _c2302
_d2302